Medios electrn̤icos en materia fiscal La eliminacin̤ del papel /

Detalles Bibliográficos
Autor principal: Maca̕s Valadez Treviǫ, Francisco Javier
Autor Corporativo: Instituto Mexicano de Contadores Pb︢licos
Formato: eBook
Lenguaje:español
Publicado: [Mx̌ico] : Instituto Mexicano de Contadores Pb︢licos, 2010.
Materias:
Acceso en línea:Acceso restringido

MARC

LEADER 00000nam a22000007a 4500
005 20110906110531.0
008 110906t2010 mx ||||s|||| 00| 0 spa d
020 |a 978-607-7620-54-9  
035 |a 5613 
040 |a vLex  
090 |c 2384  |d 2384 
100 1 |a Maca̕s Valadez Treviǫ, Francisco Javier  
245 1 0 |a Medios electrn̤icos en materia fiscal  |h [Recurso electrn̤ico] :  |b La eliminacin̤ del papel /  |c Francisco Javier Maca̕s Valadez Treviǫ 
256 |a Servicio en ln̕ia. 
260 |a [Mx̌ico] :  |b Instituto Mexicano de Contadores Pb︢licos,  |c 2010. 
300 |a 1 recurso electrn̤ico 
500 |a La Academia de Estudios Fiscales de la Contadura̕ Pb︢lica, A.C., realiza estudios, anl̀isis e investigaciones en el r̀ea fiscal. Ahora, en colaboracin̤ con el Instituto Mexicano de Contadores Pb︢licos, difunde el presente trabajo preparado por uno de sus integrantes y ex-presidente de esta Academia, el C.P.C. y Lic. Francisco Maca̕s Valadez Treviǫ. Este trabajo nos introduce a la posibilidad de eliminar el papel en los procesos contables, de auditora̕ y fiscal cumpliendo con normas y requisitos. 
506 1 |a Contenido solo disponible en los productos indicados  |d vLex Global  |d vLex Global (Academic Edition, excluding Law Schools)  |d vLex Global (U.S. Academic Edition, Law Schools)  |d vLex Global (U.S. Academic Edition, excluding Law Schools)  |d vLex Global (Academic Edition, Law Schools) 
650 0 4 |a Derecho financiero  |z Mx̌ico 
710 2 |a Instituto Mexicano de Contadores Pb︢licos 
740 0 |a vLex Libros (Servicio en ln̕ea) 
856 4 0 |u http://vlex.com/source/medios-electronico-fiscal-eliminacion-papel-5613  |z Acceso restringido 
942 |c BOOK